Nové trendy v EMAS

Základné informácie o EMAS. Vývoj v certifikácii EMS a registrácii v EMAS. Emas lll. Aktivita EMAS easy.

Na minha lista:
Detalhes bibliográficos
Autor principal: Bendíková, Lucia
Outros Autores: Helfer, Daniel
Formato: Capítulo de Livro
Idioma:eslovaco
Assuntos:
Tags: Adicionar Tag
Sem tags, seja o primeiro a adicionar uma tag!

MARC

LEADER 00000naa$a2200000$$$4500
001 0067825
005 20231012070917.0
041 0 |a slo 
044 |a SK 
245 1 0 |a Nové trendy v EMAS  |c Lucia Bendíková, Daniel Helfer 
520 |a Základné informácie o EMAS. Vývoj v certifikácii EMS a registrácii v EMAS. Emas lll. Aktivita EMAS easy. 
610 2 0 |a systém riadenia kvality 
610 2 0 |a organizácie 
610 2 0 |a ochrana prostredia životného 
610 2 0 |a legislatíva 
610 2 0 |a Slovensko 
100 1 |a Bendíková, Lucia 
700 1 |a Helfer, Daniel